[Event "Tournoi Skype 030B"]
[Site "Skype"]
[Date "????.??.??"]
[Round "6.44"]
[White "Salvi, Angele"]
[Black "Montilla Bejarano, Mey"]
[Result "1/2-1/2"]
[WhiteElo "1000"]
[BlackElo "1116"]
[PlyCount "83"]

1. e4 d5 2. exd5 Qxd5 3. Nc3 Qa5 4. d4 Nf6 5. Bc4 Ne4 6. Nge2 Bf5 7. O-O e6 8.
f3 Nxc3 9. Nxc3 Be7 10. Re1 Nd7 11. d5 Qc5+ 12. Be3 Qxc4 13. Qd4 Qxd4 14. Bxd4
O-O 15. Re2 Rfe8 16. Nb5 Rac8 17. Nxa7 Rcd8 18. c4 Bc5 19. Nb5 Bd3 20. Rd2 Bxc4
21. Bxc5 Nxc5 22. Nxc7 Re7 23. d6 Red7 24. b3 Bd5 25. Rad1 Rxd6 26. Nb5 R6d7
27. Kf2 Na6 28. g4 Nc7 29. Nc3 b5 30. b4 Bc6 31. Rxd7 Rxd7 32. Rc1 Rd2+ 33. Kg3
Rd3 34. Ne4 f5 35. Rxc6 fxe4 36. Rxc7 exf3 37. Rb7 e5 38. Rxb5 e4 39. Kf4 f2
40. Rb8+ Kf7 41. Rb7+ Kf8 42. Rb8+ 1/2-1/2

[Event "Tournoi Skype 030B"]
[Site "Skype"]
[Date "????.??.??"]
[Round "6.45"]
[White "Tolaro, Filippa"]
[Black "Samudio Villarreal, Eduardo"]
[Result "1-0"]
[WhiteElo "1114"]
[BlackElo "1000"]
[PlyCount "81"]

1. d4 d5 2. Nf3 Nc6 3. b3 e6 4. Bb2 Bb4+ 5. Nbd2 Nf6 6. a3 Bd6 7. e3 Ng4 8. h3
Nh2 9. Nxh2 Bxh2 10. Rxh2 Bd7 11. Nf3 Na5 12. Bd3 g6 13. Ne5 Bc8 14. Bc3 f6 15.
Bxa5 b6 16. Bb5+ c6 17. Bxc6+ Kf8 18. Bb4+ Kg7 19. Bxa8 fxe5 20. dxe5 Ba6 21.
Bc6 Qc8 22. Ba4 b5 23. Bxb5 Bxb5 24. a4 Ba6 25. Bd2 h5 26. g4 h4 27. Qf3 Qf8
28. Qf6+ Qxf6 29. exf6+ Kxf6 30. Bc3+ e5 31. O-O-O Bb7 32. f4 Kf7 33. fxe5 g5
34. Rf2+ Ke8 35. e6 Rh7 36. Bb4 Kd8 37. Rf8+ Kc7 38. e7 Rxe7 39. Bxe7 Kc6 40.
Rd8 Ba6 41. R1xd5 1-0

[Event "Tournoi Skype 030B"]
[Site "Skype"]
[Date "????.??.??"]
[Round "6.46"]
[White "Santa Cruz, Oscar Ruben"]
[Black "Reese, Evan"]
[Result "0-1"]
[WhiteElo "1000"]
[BlackElo "1107"]
[PlyCount "30"]

1. e4 e5 2. Nf3 Nc6 3. Bc4 Nf6 4. d3 Be7 5. Be3 O-O 6. O-O d5 7. Bb3 d4 8. Bg5
Qd6 9. c3 b6 10. cxd4 exd4 11. e5 Nxe5 12. Nbd2 Bb7 13. Nxe5 Qxe5 14. Re1 Qxg5
15. Rxe7 Qxg2# 0-1

[Event "Tournoi Skype 030B"]
[Site "Skype"]
[Date "????.??.??"]
[Round "6.47"]
[White "Schnell, Nicolas"]
[Black "Ibanez, Bittor"]
[Result "0-1"]
[WhiteElo "1000"]
[BlackElo "1080"]
[PlyCount "70"]

1. e4 c5 2. Bc4 Nc6 3. Nc3 e6 4. Nf3 a6 5. e5 b5 6. Be2 Bb7 7. d3 d5 8. Bg5 Be7
9. Be3 d4 10. Bd2 dxc3 11. Bxc3 b4 12. Ng5 bxc3 13. Qc1 Bxg5 14. f4 Bh4+ 15. g3
Nd4 16. Bg4 Bxh1 17. Kf2 Qd5 18. Qxh1 Qxh1 19. Rxh1 f5 20. bxc3 fxg4 21. f5
Nxf5 22. h3 Bxg3+ 23. Kg2 Bxe5 24. hxg4 Ne3+ 25. Kf2 Nxg4+ 26. Kg2 Bxc3 27. Rh5
N8f6 28. Rg5 O-O 29. Kh3 Nf2+ 30. Kh4 e5 31. Rf5 Bd4 32. Kg5 e4 33. dxe4 N6xe4+
34. Kh5 Rxf5+ 35. Kh4 Bf6# 0-1

[Event "Tournoi Skype 030B"]
[Site "Skype"]
[Date "????.??.??"]
[Round "6.48"]
[White "Maccaferri, Massimo"]
[Black "Wildt, Gerti"]
[Result "1-0"]
[WhiteElo "1074"]
[BlackElo "1000"]
[PlyCount "27"]

1. e4 c5 2. Bc4 e6 3. d4 cxd4 4. Qxd4 Nc6 5. Qc3 g6 6. Qxh8 a6 7. Qxg8 Qe7 8.
h4 b5 9. Bb3 a5 10. Bg5 Qb4+ 11. Nc3 f6 12. Bxf6 e5 13. a3 Qc5 14. Bf7# 1-0

[Event "Tournoi Skype 030B"]
[Site "Skype"]
[Date "????.??.??"]
[Round "6.50"]
[White "Luna Perez Vico, Lorenzo"]
[Black "Bellati, Fabio"]
[Result "1-0"]
[WhiteElo "1341"]
[BlackElo "1104"]
[PlyCount "65"]

1. e4 e6 2. d4 d5 3. exd5 exd5 4. Nc3 Nf6 5. Nf3 c5 6. h3 c4 7. a3 Nc6 8. Be2
Be7 9. b3 cxb3 10. cxb3 Bf5 11. Be3 O-O 12. b4 a6 13. O-O Qc7 14. Rc1 Rac8 15.
Qb3 Rfd8 16. Na4 Ne4 17. Nc3 Nxc3 18. Qxc3 Rd6 19. Bf4 Re8 20. Bxd6 Bxd6 21.
Rfe1 Be4 22. Bd3 f5 23. Bxe4 fxe4 24. Ne5 Nxe5 25. Qxc7 Bxc7 26. Rxc7 Nd3 27.
Re2 b5 28. Rc3 Nf4 29. Re1 g5 30. Kh2 h5 31. g3 Ne6 32. Rd1 Rf8 33. Kg2 1-0

[Event "Tournoi Skype 030B"]
[Site "Skype"]
[Date "????.??.??"]
[Round "6.53"]
[White "Cassano, Mariangela"]
[Black "Delgado Abate, Bryan Xavier"]
[Result "0-1"]
[WhiteElo "1000"]
[BlackElo "1109"]
[PlyCount "58"]

1. d4 Nf6 2. Nf3 d6 3. e3 Nbd7 4. Bd3 g6 5. O-O Bg7 6. b3 O-O 7. Bb2 d5 8. Nbd2
c5 9. dxc5 Nxc5 10. Be2 Re8 11. Nd4 e5 12. N2f3 exd4 13. Bxd4 Ne6 14. Bb5 Bd7
15. Bd3 Nxd4 16. Nxd4 Ne4 17. c3 Nxc3 18. Rc1 Nxd1 19. Rcxd1 Bxd4 20. exd4 Qb6
21. Be2 Rxe2 22. Rfe1 Rae8 23. Rf1 Qb5 24. g3 Re1 25. Kg2 Qxf1+ 26. Kf3 Qh1+
27. Kf4 Qe4+ 28. Kg5 Qg4+ 29. Kh6 Qh5# 0-1

[Event "Tournoi Skype 030B"]
[Site "Skype"]
[Date "????.??.??"]
[Round "6.54"]
[White "Jimenez Del Rosario, Alsis Raynely"]
[Black "Bland, Marilyn"]
[Result "1-0"]
[WhiteElo "1141"]
[BlackElo "1034"]
[PlyCount "29"]

1. e4 d6 2. d4 Nf6 3. Nc3 e6 4. Bg5 Be7 5. Nf3 h6 6. Bxf6 Bxf6 7. e5 Bg5 8.
Nxg5 hxg5 9. exd6 Qxd6 10. Ne4 Qb4+ 11. c3 Qxb2 12. Qc1 Qb6 13. Qxg5 O-O 14.
Nf6+ Kh8 15. Qh4# 1-0

[Event "Tournoi Skype 030B"]
[Site "Skype"]
[Date "????.??.??"]
[Round "6.55"]
[White "Schuh, David"]
[Black "Fuentes, Francisco"]
[Result "1-0"]
[WhiteElo "1103"]
[BlackElo "1005"]
[PlyCount "121"]

1. d4 e6 2. c4 d5 3. Nc3 c6 4. e3 dxc4 5. Bxc4 Bd6 6. Nge2 Nf6 7. f3 O-O 8. Bd2
Bc7 9. O-O a6 10. Qc2 g6 11. Rfe1 Nh5 12. Rad1 Qh4 13. g3 Qh3 14. e4 Nd7 15. e5
Bb6 16. Be3 f6 17. f4 f5 18. a4 Re8 19. b4 Bc7 20. b5 Nb6 21. Bd3 Nd5 22. Nxd5
exd5 23. bxc6 b6 24. Qb3 Be6 25. Rf1 Bf7 26. Rf3 a5 27. Kh1 Rad8 28. Qb5 Re6
29. Rc1 h6 30. Qa6 Rb8 31. Qa7 Nxg3+ 32. Rxg3 Qh5 33. Qxc7 Rf8 34. Qxb6 Kg7 35.
Qb7 g5 36. c7 Re7 37. Qb8 g4 38. c8=Q Rg8 39. Rc7 Rxc7 40. Qcxc7 Rxb8 41. Qxb8
Be8 42. Bxf5 Qxf5 43. Qxe8 Qb1+ 44. Ng1 Qe4+ 45. Rg2 Qg6 46. Qxg6+ Kxg6 47.
Rxg4+ Kf5 48. Rg3 h5 49. Rg5+ Ke4 50. Bd2 h4 51. Bxa5 Kxd4 52. Be1 Ke4 53. Bxh4
d4 54. Rg2 Kxf4 55. Ne2+ Kxe5 56. Bg3+ Ke4 57. Bf2 d3 58. Ng3+ Kf3 59. Bd4 Kf4
60. Rd2 Kf3 61. Rxd3+ 1-0

[Event "Tournoi Skype 030B"]
[Site "Skype"]
[Date "????.??.??"]
[Round "6.56"]
[White "Grib, Jessica"]
[Black "Dib, Catherine"]
[Result "0-1"]
[WhiteElo "1012"]
[BlackElo "1096"]
[PlyCount "54"]

1. e4 c5 2. Nf3 d6 3. c3 Nc6 4. d4 b6 5. Bc4 e6 6. d5 Na5 7. Bb5+ Bd7 8. Be2
Nf6 9. Ng5 Be7 10. b4 Nb7 11. O-O O-O 12. f4 h6 13. Nf3 Nxe4 14. dxe6 Bxe6 15.
Qd3 d5 16. Bd2 Nbd6 17. Na3 a6 18. g4 c4 19. Qd4 Bf6 20. Qe3 Re8 21. Kh1 Bxg4
22. Rg1 h5 23. h3 Ng3+ 24. Rxg3 Rxe3 25. Bxe3 Ne4 26. Rg2 Nxc3 27. Bf1 Bxf3 0-1

[Event "Tournoi Skype 030B"]
[Site "Skype"]
[Date "????.??.??"]
[Round "6.58"]
[White "Ramirez, Luis Antonio"]
[Black "Vasquez Donaire, Ivis Godofredo"]
[Result "1-0"]
[WhiteElo "1049"]
[BlackElo "1003"]
[PlyCount "71"]

1. d4 Nf6 2. Nf3 d5 3. e3 e6 4. c3 Bd6 5. Bd3 O-O 6. Nbd2 Nbd7 7. O-O h6 8. h3
e5 9. dxe5 Bxe5 10. Bc2 b5 11. Re1 Bb7 12. e4 Re8 13. a3 c5 14. Nxe5 Nxe5 15.
Nf3 Nxf3+ 16. Qxf3 Nxe4 17. Bxe4 dxe4 18. Qe3 c4 19. Bd2 f5 20. Rad1 Qf6 21.
Qg3 g5 22. h4 Kh8 23. hxg5 hxg5 24. Bxg5 Qg7 25. Re3 Rg8 26. Qh4+ Qh7 27. Qxh7+
Kxh7 28. Rd7+ Kg6 29. Rg3 Kh5 30. Rh7+ Kg6 31. Rh6+ Kf7 32. Rf6+ Ke8 33. Re6+
Kf7 34. Re7+ Kg6 35. Bf4+ Kh5 36. Rh7# 1-0

[Event "Tournoi Skype 030B"]
[Site "Skype"]
[Date "????.??.??"]
[Round "6.59"]
[White "Torres, Vicky"]
[Black "Achicanoy, Yolanda"]
[Result "0-1"]
[WhiteElo "1034"]
[BlackElo "1000"]
[PlyCount "62"]

1. d4 d5 2. c4 e6 3. a3 Nf6 4. Nc3 Bd6 5. Nf3 O-O 6. e3 Nc6 7. Bd3 Re8 8. O-O
Ng4 9. e4 Bxh2+ 10. Nxh2 Nf6 11. Bf4 Nxe4 12. Nxe4 Nxd4 13. Ng5 Kf8 14. Nxh7+
Kg8 15. Nf6+ Qxf6 16. Bg3 e5 17. Qh5 g6 18. Qh4 g5 19. Qh7+ Kf8 20. Ng4 Bxg4
21. Rfe1 e4 22. Bb1 e3 23. Rxe3 Rxe3 24. fxe3 Ne2+ 25. Kh2 Qf1 26. Qh8+ Ke7 27.
Qe5+ Kf8 28. Bf2 Qxf2 29. Ba2 f6 30. Qxd5 Qg3+ 31. Kh1 Qh4# 0-1

[Event "Tournoi Skype 030B"]
[Site "Skype"]
[Date "????.??.??"]
[Round "6.60"]
[White "Hernandez, Ivan"]
[Black "Lai, Mattia"]
[Result "1-0"]
[WhiteElo "1016"]
[BlackElo "1000"]
[PlyCount "69"]

1. e4 c6 2. Nc3 d5 3. exd5 cxd5 4. Bb5+ Nd7 5. Nxd5 e6 6. Qe2 a6 7. Bxd7+ Bxd7
8. d4 Qa5+ 9. Nc3 Nf6 10. Bd2 Bd6 11. O-O-O O-O 12. Nf3 Rab8 13. h4 h6 14. h5
b5 15. Ne5 Rfd8 16. Nxd7 Nxd7 17. g4 b4 18. Ne4 Be7 19. Kb1 Rdc8 20. g5 Nf8 21.
gxh6 Nh7 22. hxg7 Bf6 23. Nxf6+ Nxf6 24. h6 Nh7 25. Qh5 Qc7 26. b3 Qxc2+ 27.
Ka1 Rb7 28. Rc1 Qxc1+ 29. Rxc1 Rxc1+ 30. Bxc1 Rc7 31. Qa5 Rxc1+ 32. Kb2 Rc6 33.
Qd8+ Nf8 34. Qxf8+ Kh7 35. g8=Q# 1-0

[Event "Tournoi Skype 030B"]
[Site "Skype"]
[Date "????.??.??"]
[Round "6.61"]
[White "Gagnon, Sindy"]
[Black "Dodi, Roberto"]
[Result "0-1"]
[WhiteElo "1000"]
[BlackElo "1000"]
[PlyCount "76"]

1. e4 c5 2. c3 d5 3. d3 Nc6 4. Nd2 Nf6 5. b3 e6 6. Bb2 Be7 7. c4 d4 8. e5 Nd7
9. a3 Ndxe5 10. b4 b6 11. Ngf3 Nd7 12. Nb3 cxb4 13. Nbxd4 Bb7 14. axb4 Bxb4+
15. Nd2 Qc7 16. Ba3 Ba5 17. g3 Qe5+ 18. Be2 Qxd4 19. Bb2 Qc5 20. O-O O-O 21.
Ne4 Qb4 22. Bc3 Qe7 23. Rc1 Bxc3 24. Rxc3 Qb4 25. Qd2 Nde5 26. Rb1 Qxb1+ 27.
Qd1 Qb4 28. Rb3 Qe7 29. d4 Ng6 30. Qd2 Qd7 31. g4 Nxd4 32. Rh3 a5 33. Nc3 a4
34. Qg5 a3 35. Qh5 h6 36. Qb5 Nxb5 37. cxb5 a2 38. Nxa2 Rxa2 0-1

[Event "Tournoi Skype 030B"]
[Site "Skype"]
[Date "????.??.??"]
[Round "7.1"]
[White "Herrera, Oscar"]
[Black "Garcia De La Calva, Juan Ramon"]
[Result "1-0"]
[WhiteElo "1126"]
[BlackElo "1000"]
[PlyCount "129"]

1. Nf3 d5 2. b3 c5 3. Bb2 e6 4. e3 Nf6 5. c4 dxc4 6. Bxc4 Be7 7. O-O O-O 8. Re1
Nc6 9. a3 b6 10. d4 cxd4 11. Nxd4 Nxd4 12. Bxd4 Bb7 13. Nd2 Qc7 14. Nf3 Rac8
15. Rc1 Qd8 16. Qe2 Bxa3 17. Ra1 Bb4 18. Red1 Bd5 19. Bxf6 Qxf6 20. Bxd5 exd5
21. Rxa7 Ra8 22. Rxa8 Rxa8 23. Rxd5 Ra1+ 24. Rd1 Rxd1+ 25. Qxd1 h6 26. h3 Qb2
27. Qd8+ Kh7 28. Qxb6 Qxb3 29. Nd4 Qd1+ 30. Kh2 Be1 31. Qb2 Qd2 32. Qxd2 Bxd2
33. g4 g6 34. e4 Bf4+ 35. Kg2 Kg7 36. Kf3 Be5 37. Nc6 Bc7 38. Ne7 f6 39. Nd5
Bd6 40. Ke3 g5 41. f3 Bc5+ 42. Kd3 Kf7 43. Kc4 Bd6 44. Ne3 Ke6 45. Nf5 Bf8 46.
Kd4 Kf7 47. Kd5 Bg7 48. Nd6+ Kg6 49. Ke6 Bf8 50. Ne8 Bg7 51. Ke7 Bh8 52. Kf8 h5
53. Kg8 hxg4 54. hxg4 f5 55. gxf5+ Kh6 56. Kxh8 g4 57. fxg4 Kg5 58. f6 Kg6 59.
Kg8 Kh6 60. f7 Kg6 61. f8=Q Kg5 62. Qf5+ Kh4 63. Nf6 Kg3 64. g5 Kh4 65. Qg4#
1-0

[Event "Tournoi Skype 030B"]
[Site "Skype"]
[Date "????.??.??"]
[Round "7.2"]
[White "Rosenkoetter, David"]
[Black "Khabou, Taha"]
[Result "0-1"]
[WhiteElo "1143"]
[BlackElo "1358"]
[PlyCount "80"]

1. e4 e6 2. b3 d5 3. Bb2 dxe4 4. Nc3 Nf6 5. Qe2 Bd7 6. g4 Bc6 7. O-O-O h6 8.
Bg2 Nbd7 9. h3 a5 10. Kb1 a4 11. Nxa4 Bxa4 12. bxa4 c6 13. Qe3 Rxa4 14. Qb3 Rb4
15. Qc3 Nd5 16. Qa3 N7b6 17. Bf1 Na4 18. c3 Rxb2+ 19. Qxb2 Nxb2 20. Kxb2 Qb6+
21. Ka1 Qxf2 22. Ne2 Be7 23. Nd4 O-O 24. Bc4 Bf6 25. Rhf1 Qg3 26. Ne2 Qxh3 27.
Rg1 Ra8 28. Nc1 Bxc3+ 29. dxc3 Qxc3+ 30. Kb1 Qxc4 31. Nb3 Nc3+ 32. Kb2 Nxd1+
33. Rxd1 Rxa2+ 34. Kxa2 Qc2+ 35. Ka3 Qxd1 36. g5 e3 37. Ka2 e2 38. Kb2 e1=Q 39.
Ka3 Qe3 40. gxh6 Qdxb3# 0-1

[Event "Tournoi Skype 030B"]
[Site "Skype"]
[Date "????.??.??"]
[Round "7.3"]
[White "Hernandez Lopez, Joaquin"]
[Black "Scata, Laura"]
[Result "1/2-1/2"]
[WhiteElo "1061"]
[BlackElo "1366"]
[PlyCount "68"]

1. e4 c6 2. d3 d5 3. Nd2 dxe4 4. Nxe4 Bf5 5. Ng3 Bg6 6. Nf3 e6 7. a3 c5 8. Be2
Nc6 9. Bf4 Bd6 10. Bxd6 Qxd6 11. O-O Nf6 12. Nh4 Nd4 13. Bh5 Nxh5 14. Nxh5 Qe5
15. Ng3 O-O-O 16. Re1 Qf6 17. Nf3 Nxf3+ 18. Qxf3 Qxf3 19. gxf3 Rd4 20. Rad1 h5
21. c3 Rf4 22. Kg2 h4 23. Ne2 Rf5 24. h3 Bh5 25. Ng1 Rg5+ 26. Kh2 Rh6 27. Re4
Rhg6 28. Rg4 Bxg4 29. fxg4 Rd5 30. Nf3 Rh6 31. d4 g5 32. c4 Rd6 33. Nxg5 Rd7
34. Rd3 cxd4 1/2-1/2

[Event "Tournoi Skype 030B"]
[Site "Skype"]
[Date "????.??.??"]
[Round "7.4"]
[White "Morales Terreros, Jose Luis"]
[Black "Lago Carballo, Maria Del Carmen"]
[Result "0-1"]
[WhiteElo "1000"]
[BlackElo "1294"]
[PlyCount "58"]

1. e4 d5 2. exd5 Qxd5 3. Nc3 Qd6 4. Nf3 Nf6 5. Bc4 Bf5 6. d3 e6 7. Be3 c6 8. a4
Qc7 9. Qd2 Bb4 10. O-O Nbd7 11. Bf4 Bd6 12. Bxd6 Qxd6 13. Ng5 Ng4 14. g3 h6 15.
Nge4 Qd4 16. Ne2 Qe5 17. f3 Bxe4 18. fxe4 Qc5+ 19. Kh1 Nf2+ 20. Kg2 Ng4 21. b4
Qh5 22. h3 Ngf6 23. b5 Nc5 24. Qe3 Qe5 25. Rf4 g5 26. d4 gxf4 27. gxf4 Qxe4+
28. Qxe4 Ncxe4 29. Kf3 Nd2+ 0-1

[Event "Tournoi Skype 030B"]
[Site "Skype"]
[Date "????.??.??"]
[Round "7.5"]
[White "Resende, Paulo"]
[Black "Mira Poveda, Jose Antonio"]
[Result "1-0"]
[WhiteElo "1000"]
[BlackElo "1117"]
[PlyCount "73"]

1. e4 c6 2. d4 d5 3. Nc3 e6 4. Nf3 Nf6 5. Bd3 g6 6. Bg5 Bg7 7. e5 Nbd7 8. exf6
Nxf6 9. O-O O-O 10. Ne2 Re8 11. c3 Qd6 12. Ne5 Nh5 13. Nf3 c5 14. dxc5 Qxc5 15.
Be3 Qd6 16. Ng3 Nxg3 17. hxg3 e5 18. Bc2 Bg4 19. Bb3 e4 20. Qxd5 Qxd5 21. Bxd5
exf3 22. Bxf3 Bxf3 23. gxf3 b6 24. Rfd1 Rac8 25. Rd7 Bf6 26. Rad1 h5 27. Rxa7
g5 28. Rdd7 Rf8 29. Bxb6 h4 30. Kg2 Kg7 31. Bd4 Rc6 32. Bxf6+ Rxf6 33. Rd4 Rg6
34. Rg4 Kh6 35. gxh4 gxh4 36. Kh3 Rxg4 37. Kxg4 1-0

[Event "Tournoi Skype 030B"]
[Site "Skype"]
[Date "????.??.??"]
[Round "7.7"]
[White "Lognos, Lina"]
[Black "De Fazio, Monica"]
[Result "0-1"]
[WhiteElo "1023"]
[BlackElo "1153"]
[PlyCount "88"]

1. c4 c5 2. Nf3 Nf6 3. Nc3 Nc6 4. d3 e5 5. e4 d6 6. Be2 Be7 7. O-O O-O 8. b3 b6
9. a3 Ba6 10. b4 cxb4 11. axb4 Nxb4 12. Qb3 d5 13. Nxe5 dxc4 14. dxc4 Bb7 15.
Nd5 Nxe4 16. Rd1 Nxd5 17. cxd5 Nc5 18. Qf3 Bf6 19. Bb2 Re8 20. Bc4 Bxe5 21.
Bxe5 Rxe5 22. Qf4 Qf6 23. Qxf6 gxf6 24. d6 Ree8 25. d7 Red8 26. Ra3 Nxd7 27.
Rg3+ Kf8 28. Rh3 Ne5 29. Rxd8+ Rxd8 30. Be2 Rd2 31. Kf1 a5 32. Ke1 Rc2 33. Rxh7
Be4 34. Rh8+ Kg7 35. Rh4 Bd3 36. Bd1 Rc4 37. f4 Ng6 38. Rg4 Bf5 39. Rg3 Re4+
40. Be2 Rxf4 41. Bh5 Re4+ 42. Be2 a4 43. Ra3 Nf4 44. Rg3+ Kf8 0-1

[Event "Tournoi Skype 030B"]
[Site "Skype"]
[Date "????.??.??"]
[Round "7.8"]
[White "Castanha, Marco"]
[Black "Talwalkar, Omkar Sameer"]
[Result "1-0"]
[WhiteElo "1000"]
[BlackElo "1149"]
[PlyCount "77"]

1. e4 e5 2. Nf3 Nc6 3. Bc4 Bc5 4. O-O Nf6 5. d3 d6 6. c3 O-O 7. Nbd2 Bb6 8. Re1
Ng4 9. Rf1 Be6 10. Bb5 Nf6 11. Ba4 d5 12. Bxc6 bxc6 13. Nxe5 Qd6 14. Nef3 Nh5
15. Nb3 Nf4 16. e5 Nh3+ 17. gxh3 Qd7 18. Ng5 h6 19. Nxe6 fxe6 20. d4 Rf5 21.
Kh1 Raf8 22. f4 Qf7 23. Be3 Rh5 24. Qf3 Qg6 25. Rg1 Qe4 26. Qxe4 dxe4 27. Rg3
Rff5 28. Rag1 g5 29. fxg5 Rf3 30. gxh6+ Rxg3 31. Rxg3+ Kh7 32. Rg7+ Kh8 33. Kg2
a5 34. a4 Rf5 35. Rg3 Rf8 36. c4 Rg8 37. Rxg8+ Kxg8 38. c5 Ba7 39. Nxa5 1-0

[Event "Tournoi Skype 030B"]
[Site "Skype"]
[Date "????.??.??"]
[Round "7.9"]
[White "Abdulrazzaq, Mohsen"]
[Black "Balci Gungor, Ayca"]
[Result "1-0"]
[WhiteElo "1346"]
[BlackElo "1019"]
[PlyCount "61"]

1. e4 e6 2. d4 d5 3. e5 c5 4. c3 Nc6 5. Bd3 Bd7 6. Ne2 Be7 7. O-O f6 8. f4 Qb6
9. Bc2 Rc8 10. Kh1 Bd8 11. Nd2 Nge7 12. Nb3 c4 13. Nc5 Rc7 14. a4 O-O 15. Be3
Ng6 16. f5 exf5 17. Bxf5 Bxf5 18. Rxf5 fxe5 19. Rxf8+ Nxf8 20. dxe5 Qxb2 21.
Qxd5+ Kh8 22. Rf1 Be7 23. Nd4 Nxd4 24. Qd8 h6 25. Rxf8+ Bxf8 26. Qxf8+ Kh7 27.
Bxd4 Qb1+ 28. Bg1 Rc6 29. Qe7 b6 30. Ne6 a6 31. Qxg7# 1-0

[Event "Tournoi Skype 030B"]
[Site "Skype"]
[Date "????.??.??"]
[Round "7.10"]
[White "Conde, Carmen"]
[Black "Cengiz, Ali Ekber"]
[Result "0-1"]
[WhiteElo "1166"]
[BlackElo "1281"]
[PlyCount "100"]

1. e4 e5 2. Bc4 h6 3. Qh5 Qf6 4. Bxf7+ Qxf7 5. Qxe5+ Be7 6. Qxc7 Nc6 7. Qg3 Nd4
8. Qc3 Bf6 9. d3 Nf3+ 10. Nxf3 Bxc3+ 11. Nxc3 Qg6 12. O-O d6 13. Bf4 Bh3 14.
Bg3 Bd7 15. Nd5 Rc8 16. c3 Ne7 17. Nf4 Qf7 18. Nd4 g5 19. Nfe2 a6 20. Bxd6 Nc6
21. Bc5 Ne5 22. Ba7 Nxd3 23. Nb3 b5 24. Bd4 Rh7 25. Rab1 h5 26. f3 Nf4 27. Nxf4
gxf4 28. Nc1 a5 29. a3 h4 30. h3 Qg8 31. Nd3 Qg3 32. Rf2 Bxh3 33. Rd1 Qg8 34.
Nxf4 Be6 35. Nxe6 Qxe6 36. Kh2 Qg8 37. Be5 Rc5 38. Bf4 Qb3 39. Rg1 b4 40. axb4
axb4 41. Be3 Rb5 42. Ra1 Rb8 43. Kh3 bxc3 44. Ra3 Qe6+ 45. Kh2 Qg6 46. Rxc3
Qg3+ 47. Kg1 h3 48. Ba7 Rxa7 49. f4 Ra1+ 50. Rf1 Qxg2# 0-1

[Event "Tournoi Skype 030B"]
[Site "Skype"]
[Date "????.??.??"]
[Round "7.12"]
[White "Battaglia, Gabriele"]
[Black "Parrales, Rodolfo"]
[Result "0-1"]
[WhiteElo "1271"]
[BlackElo "1146"]
[PlyCount "50"]

1. Nf3 g6 2. d3 Bg7 3. g3 d6 4. Bg2 Nc6 5. Bf4 e5 6. Bg5 Nf6 7. O-O Be6 8. Nbd2
Qd7 9. Re1 O-O 10. Qc1 h6 11. Be3 d5 12. Nf1 Ng4 13. Bd2 e4 14. dxe4 dxe4 15.
Bxh6 Bxh6 16. N3d2 Bd5 17. e3 Qf5 18. f4 exf3 19. Nxf3 Bxf3 20. Nd2 Bxg2 21.
Re2 Nxe3 22. Rf2 Qc5 23. Rxg2 Nxg2+ 24. Kxg2 Qd5+ 25. Kf1 Bxd2 0-1

[Event "Tournoi Skype 030B"]
[Site "Skype"]
[Date "????.??.??"]
[Round "7.13"]
[White "Sanchez Padilla, Armando Edilber"]
[Black "Conde, Ramon"]
[Result "0-1"]
[WhiteElo "1225"]
[BlackElo "1104"]
[PlyCount "152"]

1. e4 e5 2. Nf3 Nc6 3. Bb5 a6 4. Bxc6 dxc6 5. d3 Bd6 6. O-O Nf6 7. h3 Qe7 8.
Be3 Bd7 9. Nc3 O-O-O 10. d4 h6 11. d5 g5 12. Nh2 Rhg8 13. f3 h5 14. Qe2 g4 15.
fxg4 hxg4 16. hxg4 Bxg4 17. Qd2 Bd7 18. Bg5 Bc5+ 19. Kh1 Nh5 20. Nf3 Ng3+ 21.
Kh2 Nxf1+ 22. Rxf1 f6 23. Bh4 Rg6 24. Nd1 Rdg8 25. g3 Qh7 26. Kg2 Bh3+ 27. Kh2
Bxf1 28. Qe1 Bb5 29. c3 cxd5 30. exd5 e4 31. Qxe4 Bg1+ 32. Nxg1 Qh5 33. Qe1 f5
34. Nh3 Rd6 35. b3 Bd7 36. c4 c6 37. Ndf2 cxd5 38. cxd5 Qf3 39. Qc1+ Kb8 40.
Qc4 Qxd5 41. Qxd5 Rxd5 42. Nf4 Ra5 43. a4 Re8 44. N2d3 Be6 45. Nc1 Rc5 46. Nfd3
Rc2+ 47. Kh3 f4+ 48. g4 f3 49. Bg3+ Kc8 50. b4 Rxc1 51. Nxc1 Rh8+ 52. Bh4 f2
53. Kg2 Rxh4 54. Kxf2 Rxg4 55. Nd3 b6 56. Ke3 a5 57. bxa5 bxa5 58. Nc5 Bd7 59.
Kd3 Bxa4 60. Kc3 Kc7 61. Ne6+ Kb6 62. Nd4 Rg5 63. Ne6 Re5 64. Nd4 Rc5+ 65. Kb2
Be8 66. Nb3 Rc8 67. Ka3 Kb5 68. Nd4+ Kc4 69. Nc2 a4 70. Nb4 Rb8 71. Nc2 Rb3+
72. Ka2 Kc3 73. Na3 Rb2+ 74. Ka1 Bg6 75. Nc2 Rxc2 76. Kb1 Kb3 0-1

[Event "Tournoi Skype 030B"]
[Site "Skype"]
[Date "????.??.??"]
[Round "7.14"]
[White "Moumtaz, Abderrahim"]
[Black "Guillaume, Mickael"]
[Result "1-0"]
[WhiteElo "1213"]
[BlackElo "1106"]
[PlyCount "65"]

1. d4 d5 2. c4 c6 3. cxd5 cxd5 4. Nf3 Nc6 5. Nc3 e6 6. a3 Nf6 7. Bg5 Be7 8. e3
a6 9. Bd3 Bd7 10. O-O O-O 11. Re1 Nh5 12. Bxe7 Qxe7 13. Ne5 Nf6 14. Nxd7 Nxd7
15. e4 Nxd4 16. exd5 Qd6 17. Bxh7+ Kxh7 18. Qxd4 e5 19. Qe4+ Kg8 20. Rad1 f5
21. Qh4 Rf6 22. f3 Rh6 23. Qg3 Kf7 24. Ne2 Rah8 25. h3 Qc5+ 26. Qf2 Qxf2+ 27.
Kxf2 Kf6 28. f4 e4 29. Nd4 Rg6 30. Ne6 Ke7 31. Re3 Nf8 32. Nd4 Rh4 33. Nxf5+
1-0

[Event "Tournoi Skype 030B"]
[Site "Skype"]
[Date "????.??.??"]
[Round "7.15"]
[White "Fouques Duparc, Paulin"]
[Black "Guevara, Lizbeth"]
[Result "1/2-1/2"]
[WhiteElo "1207"]
[BlackElo "1036"]
[PlyCount "77"]

1. e4 e5 2. f4 d6 3. c4 c5 4. Nf3 Be7 5. d3 exf4 6. Bxf4 h6 7. Be2 Bf6 8. e5
dxe5 9. Nxe5 Qd4 10. Qa4+ Bd7 11. Nxd7 Nxd7 12. Bc1 Ne7 13. Nc3 O-O 14. Bd2 Nb6
15. Qc2 Nf5 16. O-O-O Ne3 17. Bxe3 Qxe3+ 18. Kb1 Rfe8 19. Ne4 Bd4 20. g4 a5 21.
h4 a4 22. a3 Nxc4 23. dxc4 Qxe4 24. Rhe1 Qxc2+ 25. Kxc2 Reb8 26. Bd3 Bf6 27.
Rh1 b6 28. Rdg1 Rb7 29. g5 Bd4 30. Rg2 h5 31. g6 f6 32. Re2 Rd8 33. Re6 Rbd7
34. Re4 Bf2 35. Rh3 b5 36. cxb5 Kf8 37. Rxa4 c4 38. Rxc4 Rd6 39. b4 1/2-1/2

[Event "Tournoi Skype 030B"]
[Site "Skype"]
[Date "????.??.??"]
[Round "7.16"]
[White "Barba Cepeda, Julio Cesar"]
[Black "Khatanhar, Mohit"]
[Result "0-1"]
[WhiteElo "1139"]
[BlackElo "1180"]
[PlyCount "64"]

1. e4 e5 2. Nf3 Nc6 3. Bc4 Bc5 4. O-O Nf6 5. Nc3 O-O 6. Re1 d6 7. Nd5 Be6 8.
Bd3 Ng4 9. c3 Bxf2+ 10. Kf1 Bxe1 11. Qxe1 Ne7 12. Qg3 c6 13. Nxe7+ Qxe7 14. Bc2
Nf6 15. d4 Bc4+ 16. Kg1 Rfe8 17. Bh6 g6 18. Bg5 Qd8 19. b3 Be6 20. dxe5 dxe5
21. Nxe5 Qb6+ 22. Kh1 Nh5 23. Qh4 f6 24. Bxf6 Nxf6 25. Qxf6 Qd8 26. Qf2 Rf8 27.
Qg3 Qf6 28. h4 Rae8 29. Bd3 Bf7 30. Rf1 Qxe5 31. Qxe5 Rxe5 32. Rf5 Rxf5 0-1

[Event "Tournoi Skype 030B"]
[Site "Skype"]
[Date "????.??.??"]
[Round "7.17"]
[White "Gomez Caballero, Blas"]
[Black "Llabres, Sergio"]
[Result "0-1"]
[WhiteElo "1133"]
[BlackElo "1176"]
[PlyCount "70"]

1. d4 d5 2. Bg5 Nd7 3. e3 Ngf6 4. Bb5 c6 5. Ba4 Ne4 6. Bh4 Ndf6 7. h3 Bf5 8.
Nd2 e6 9. Bxf6 Nxf6 10. Ngf3 Bd6 11. O-O h6 12. Nh4 Bh7 13. Ndf3 O-O 14. c3 Qc7
15. Bc2 Bxc2 16. Qxc2 Rac8 17. Kh1 c5 18. Rg1 cxd4 19. exd4 Be7 20. g3 Ne4 21.
Rac1 Qd8 22. Ng2 a6 23. h4 b5 24. a3 a5 25. Qb1 Nxf2+ 26. Kh2 Ne4 27. Rge1 Qd6
28. Ne5 f6 29. Nf4 fxe5 30. dxe5 Qxe5 31. Qd3 Bxh4 32. Ng6 Bxg3+ 33. Kg2 Rf2+
34. Kg1 Bh2+ 35. Kh1 Ng3+ 0-1

[Event "Tournoi Skype 030B"]
[Site "Skype"]
[Date "????.??.??"]
[Round "7.18"]
[White "Pirola, Gabriele"]
[Black "Nicolini, Francesco"]
[Result "1-0"]
[WhiteElo "1000"]
[BlackElo "1176"]
[PlyCount "65"]

1. Nf3 d5 2. d4 Nf6 3. c3 Bf5 4. Qb3 Qc8 5. g3 Nc6 6. Bg2 Na5 7. Qb5+ Nc6 8.
Bg5 a6 9. Qb3 h6 10. Bxf6 Na5 11. Qa4+ c6 12. Bxg7 Bxg7 13. Qxa5 h5 14. Nbd2
Bc2 15. O-O e6 16. Rac1 b6 17. Qa3 Bf8 18. b4 Bh7 19. Rfe1 a5 20. e4 axb4 21.
Qb3 Ra3 22. Qb2 Qa6 23. exd5 Rxa2 24. Qb3 Ra3 25. Qc4 b5 26. Qe2 bxc3 27. Ne4
cxd5 28. Nxc3 Bb4 29. Qxb5+ Qxb5 30. Nxb5 Ra5 31. Rc8+ Ke7 32. Rxh8 Be4 33. Rb8
1-0